000 00537nam a2200193 a 4500
005 20140310183520.0
008 110802s19uu xx 00 eng d
020 _a9710869256
050 _aLB 1027.5
_b.T84 2008
100 _aTulio, Doris D.
245 _aA breakthrough in school guidance & counselling /
_cDoris D. Tulio.
260 _aMandaluyong City :
_bNBS,
_c2008.
300 _a213 p. :
_c23 cm.
521 _aPSYCH
650 _aEducational counselling.
942 _cBK
_2lcc
_kLOC
999 _c24384
_d24384